Zemědělské stroje 1 : učební text pro střední zemědělské školy studijního oboru 42-17-6 Mechanizace zemědělské výroby /

Hlavní autor: Biedermann, Ivan
Další autoři: Bílek, Karel
Jazyk: Čeština
Vydáno: Praha : SZN, 1985
Vydání: 1. vyd.
Edice: Mechanizace, výstavba a meliorace
Témata:
Fyzický popis: 374 s.
Knihy
Uloženo v:
LEADER 00893nam a22002292a 4500
001 000262270
003 CZ BrMZK
005 19980107143423.0
008 980107s1985 xr f cze d
040 |a BOA001  |b cze 
100 1 |a Biedermann, Ivan  |7 jx20050714013 
245 1 0 |a Zemědělské stroje 1 :  |b učební text pro střední zemědělské školy studijního oboru 42-17-6 Mechanizace zemědělské výroby /  |c autor:Ivan Biedermann, Karel Bílek 
250 |a 1. vyd. 
260 |a Praha :  |b SZN,  |c 1985 
300 |a 374 s. 
490 1 |a Mechanizace, výstavba a meliorace 
700 1 |a Bílek, Karel  |7 jx20060125013 
830 0 |a Mechanizace, výstavba a meliorace 
910 |a BOA001  |b PK-0100.869 
964 |a Stroje zemědělské - učebnice - školy zemědělské střední 
990 |a BK 
996 7 |b 3119914870  |c PK-0100.869  |l MZK  |r Sklad / do 1 hodiny  |n 4  |w 000262270  |u 000010  |a 1  |e BOA001  |j MZK50  |s A